Consume and commercial law.(3rd edition) (Record no. 38580)
[ view plain ]
| 000 -LEADER | |
|---|---|
| fixed length control field | 00651nam a2200157 a 4500 |
| 008 - FIXED-LENGTH DATA ELEMENTS--GENERAL INFORMATION | |
| fixed length control field | 210427s2015 ||||||||||||||||| || u |
| 020 ## - INTERNATIONAL STANDARD BOOK NUMBER | |
| International Standard Book Number | 9781292012957 |
| 050 ## - LIBRARY OF CONGRESS CALL NUMBER | |
| Classification number | KE 15 Bar |
| 100 ## - MAIN ENTRY--PERSONAL NAME | |
| Personal name | Barrister, Judith Tillson |
| 245 10 - TITLE STATEMENT | |
| Title | Consume and commercial law.(3rd edition) |
| Statement of responsibility, etc. | By Judith Tillson Barrister |
| 250 ## - EDITION STATEMENT | |
| Edition statement | 3rd edition |
| 260 ## - PUBLICATION, DISTRIBUTION, ETC. | |
| Place of publication, distribution, etc. | united Kingdom |
| Name of publisher, distributor, etc. | Pearson Education Limited |
| Date of publication, distribution, etc. | 2015 |
| 300 ## - PHYSICAL DESCRIPTION | |
| Extent | xxi,239 pages:illustrations |
| 650 ## - SUBJECT ADDED ENTRY--TOPICAL TERM | |
| Topical term or geographic name entry element | COMMERCIAL LAW--EUROPEAN UNION COUNTRIES |
| 995 ## - RECOMMENDATION 995 [LOCAL, UNIMARC FRANCE] | |
| -- | CBU-MAIN LIBRARY (Kitwe) |
| -- | 12.91 |
| -- | 1 |
| -- | AVAILABLE |
| -- | Apr 27, 2021 |
| -- | Main Library Open Access Collection |
| Withdrawn status | Lost status | Source of classification or shelving scheme | Damaged status | Not for loan | Home library | Current library | Shelving location | Date acquired | Total Checkouts | Full call number | Barcode | Date last seen | Price effective from | Koha item type |
|---|---|---|---|---|---|---|---|---|---|---|---|---|---|---|
| CBU-MAIN LIBRARY, KITWE. | CBU-MAIN LIBRARY, KITWE. | 11/30/2022 | KE 15 Bar | 751100 | 11/30/2022 | 11/30/2022 | MONOGRAPH |